000
00280nam a22001337a 4500
003
SGT
082
_a
616.24
_b
C13S
100
_a
SOOD, ASHISH
245
_a
EFFECT OF TRUNK STABILIZATION
260
_a
SGTU
_c
2013
300
_a
65
650
_a
SPORTS REHAB.
942
_2
ddc
_c
TH
_0
1
999
_c
20680
_d
20680